Milionerzy - pytania o milion złotych - Statystyki

Ogólne statystyki
  • Ten quiz został rozwiązany 55 razy
  • Średni wynik to 12 z 34
Statystyki odpowiedzi
Zagadnienie Odpowiedź % Poprawnych
Miś Paddington, którego państwo Brown znaleźli na dworcu kolejowym w Londynie, pochodzi z mrocznych zakątków… Peru
61%
Kto jest mistrzem tego samego oręża, w jakim specjalizowała się mitologiczna Artemida? Legolas
59%
Ile to jest 1111 razy 1111, jeśli 1 razy 1 to 1, a 11 razy 11 to 121? 1 234 321
57%
Z gry na jakim instrumencie słynie Czesław Mozil? na akordeonie
57%
Skąd pochodzi Conan Barbarzyńca? z Cimmerii
57%
Mowa w obronie poety Archiasza przeszła do historii jako jeden z najświetniejszych popisów retorycznych: Cycerona
54%
Różańcową tajemnicą chwalebną nie jest: śmierć Jezusa na krzyżu
54%
W jakiej cieśninie znajdują się dwie wyspy zwane wczorajszą i jutrzejszą, które dzielą niespełna cztery kilometry, ale aż 21 godzin różnicy czasu? w Cieśninie Beringa
43%
Manat karaibski, tak jak afrykański, z kończyn ma tylko przednie. A manat azerbejdżański, tak jak turkmeński: zastąpił rubla
43%
Niektóre z owoców dojrzewają jeszcze po zbiorach. Który zerwany niedojrzały taki pozostanie? wiśnia
41%
Do czworonogów, czyli tetrapodów, nie zaliczamy: owadów
37%
Budowa układu pokarmowego którego ze zwierząt świadczy o tym, że jest ono drapieżnikiem? pandy
37%
Kiedy rozpoczęło się drugie tysiąclecie? 1 stycznia 1001 roku
35%
Kto był nadwornym malarzem króla Filipa IV Habsburga? Diego Velázquez
35%
Kto w połowie XIX w. skomponował słynną „Modlitwę dziewicy”, utwór grany w Europie, w Stanach Zjednoczonych, ale najbardziej i do dziś popularny w Japonii? Tekla Bądarzewska z Mławy
35%
Komiksowym „dzieckiem” rysownika Boba Kane’a jest: Batman
33%
Który aktor urodził się w roku opatentowania kinematografu braci Lumière? Rudolph Valentino
33%
Każda barwa składowa światła białego rozchodzi się w ciałach przezroczystych z inną prędkością. Największą prędkość ma: czerwona
30%
Który ssak się nie spoci? królik
30%
Żydowskie Święto Świateł, zwane też Chanuką, trwa osiem dni. Ile świątecznych świec płonie ósmego dnia na specjalnym świeczniku? osiem
30%
Skąd najdalej jest do Końca Świata znanego też jako Głuszyna-Podlas w Wielkopolskiem? z Piekła w Pomorskiem
30%
Rybą nie jest: kraska
28%
Likier maraskino produkuje się z maraski, czyli odmiany: wiśni
28%
Odrażający drab z Kabaretu Starszych Panów dubeltówkę weźmie, wyjdzie i…: buch, buch!
26%
„Wątróbka z cebulką (…) jest zakąską doskonałą. Aby ją przyrządzić, należy kupić samochód i pędzić nim póty, aż się kogoś przejedzie”. To Lem i… „Dyktanda czyli…”
26%
"Jak mistrzowie łakoci wprzody podarują, gdy kształtnie w obiecadło chłopięta wprawują". Obiecadło, czyli: abecadło
24%
Ryś polski, łabędź rostowski, saksoński bocian i wywrotek smoleński to: rasy gołębi
24%
Płetwą grzbietową nie pruje wody: wal grenlandzki
20%
Który utwór Juliusza Słowackiego napisany jest prozą? „Anhelli”
17%
Który instrument stroi muzyk? Kocioł
17%
Ikoną czerwcowych wyborów z 1989 było zdjęcie z Wałęsą podpisane „Głosuj na…”. Kto z tzw. drużyny Lecha go nie miał? Lech Kaczyński
17%
Co według Leszka Kołakowskiego jest sklepieniem domu, w którym duch ludzki mieszka? Czas
15%
Italo Calvino zaprosił do powieści „Jeśli zimową nocą podróżny” Tazia Bazakbala wprost z kart „Pożegania jesieni”: Witkacego
15%
Na paryskim Łuku Triumfalnym, na pamiątkę napoleońskich zwycięstw, wyryte są nazwy pięciu polskich miast. Nie ma wśród nich: Warszawy
13%
Nie znaleziono quizów pasujących do podanych kryteriów
Rozkład punktacji
Procent ludzi z każdym wynikiem
Percentyl według liczby udzielonych odpowiedzi
Twoja historia wyników
Nie rozwiązałeś tego quizu